| 000 | 00801nam a2200265 a 4500 | ||
|---|---|---|---|
| 008 | |||
| 020 | _a0201427885 (pbk.) | ||
| 049 | _aMAIN | ||
| 090 | 0 | 0 |
_aTK5105 _bDUC |
| 100 | 1 | _aDuck, Michael. | |
| 245 | 1 | 0 |
_aData communications for engineers / _cMichael Duck, Peter Bishop and Richard Read. |
| 260 |
_aHarlow : _bAddison-Wesley Pub. Co., _cc1996. |
||
| 300 |
_axiii, 270 p. : _bill. ; _c24 cm. |
||
| 504 | _aIncludes bibliographical references. | ||
| 500 | _aIncludes index. | ||
| 650 | 0 | _aData transmission systems. | |
| 650 | 0 | _aComputer networks. | |
| 700 | 1 | _aBishop, Peter. | |
| 700 | 1 | _aRead, Richard. | |
| 907 |
_a.b10148966 _b23-04-12 _c26-01-05 |
||
| 003 | |||
| 005 | 20230123133914.0 | ||
| 040 | _cNUST | ||
| 942 |
_cBOOKS _kTK5105 _mDUC |
||
| 999 |
_c156650 _d156650 |
||